Sociálno-ekonomické životné podmienky denných študentov verejných vysokých škôl na Slovensku

Zmapovanie sociálno-ekonomických aspektov spojených so štúdiom na vysokej škole z pohľadu samotných študentov. Prezentácia výsledkov piateho cyklu medzinárodného projektu EUROSTUDENT.

Gespeichert in:
Bibliographische Detailangaben
1. Verfasser: Blanár, František
Format: Buchkapitel
Sprache:Slowakisch
Schlagworte:
Tags: Tag hinzufügen
Keine Tags, Fügen Sie das erste Tag hinzu!

MARC

LEADER 00000naa a2200000 4500
001 0197913
005 20220715112401.7
041 0 |a slo 
044 |a SK 
245 1 0 |a Sociálno-ekonomické životné podmienky denných študentov verejných vysokých škôl na Slovensku  |c František Blanár 
520 |a Zmapovanie sociálno-ekonomických aspektov spojených so štúdiom na vysokej škole z pohľadu samotných študentov. Prezentácia výsledkov piateho cyklu medzinárodného projektu EUROSTUDENT. 
610 2 0 |a vzdelávanie terciárne 
610 2 0 |a štúdium vysokoškolské 
610 2 0 |a univerzity 
610 2 0 |a školy vysoké 
610 2 0 |a kvalita vzdelávania 
610 2 0 |a študenti 
610 2 0 |a situácia sociálna 
100 1 |a Blanár, František